000 01145nam0a22003131 4500
001 v19\rc\1507763
005 20060620122239.8
035 _a(NLR Aleph) 004633303
090 _a3196188
_c3196188
100 _a20060620d1884 |||y0rusy50 ca
101 0 _arus
102 _aRU
105 _ay z |||||
200 1 _aКорделия
_eОпера в 4. д. Н.Ф. Соловьева
_eСюжет заимствован у Сарду
_fЛибретто П.К. Бронникова
210 _aСанкт-Петербург
_cтип. Э. Арнгольда
_dценз. 1884
215 _a96 с.
_d20
700 1 _aБронников
_bП. К.
_f1844-
_gПавел Константинович
702 1 _aСарду
_bВ.
_f1831-1908
_gВикторьен
_4100
702 1 _aСоловьев
_bН. Ф.
_f1846-1916
_gНиколай Феопемтович
_4230
801 0 _aRU
_bNLR
_gpsbo
801 0 _aRU
_bRuMoRGB
_2psbo
801 1 _aRU
_bProSoft-M
_2rusmarc
852 _aNLR
_j18.206.4.56
899 _aRuMoRGB
_jW 73/761
899 _aRuMoRGB
_jU 201/1427
899 _aRuMoRGB
_jW 265/588
899 _aНБ СПбГУ
942 _cBOOK
980 _aNB